000 01349cam a2200361 a 4500
999 _c22848
_d22848
001 vtls010657058
005 20200129125950.0
008 160430s2015 xo a g 000 0 slo
020 _a9788055142319 (viaz.)
035 _a58177CE6-F605-4D5F-9A61-20DF85BEBF1E
035 _aurn:nbn:sk:snk-amjqat
035 _aurn:nbn:sk:snk-am003ebz
040 _aVTHK
_bslo
_cVTHK
_dSNK
_eAACR2
041 0 _aslo
044 _axo
_cSK
072 7 _a316.8
_xManželstvo a rodina. Sexuálne vzťahy
_2konspekt
072 7 _a17
_xEtika. Morálna filozofia
_2konspekt
080 _a173.1
_22001
080 _a(0.062)
_22001
080 _a316.811.11-027.581
_22001
100 1 _aMurín, Gustáv,
_d1959-
_91636
245 1 0 _aNávod na manželstvo
_bnevážne rady, príklady i úvahy pre všetkých, čo to myslia s manželstvom vážne
_cGustáv Murín ; [ilustroval Dušan Polakovič]
250 _a2. vyd.
260 _aBratislava
_bIkar
_c2015
300 _a191 s.
_bilustr.
_c20 cm
650 0 7 _amanželstvo
_2SNKPH
_91637
650 0 7 _aMarriage
_2SNKPHeng
_91638
655 7 _apopulárno-náučné publikácie
_2SNKPH
_91486
655 7 _aPopular works
_2SNKPHeng
_91487
700 1 _aPolakovič, Dušan,
_d1950-2016
_4ill
_91639
850 _bKIS3G